| Tag |
First Indicator |
Second Indicator |
Subfields |
| LEADER |
00000cam a2200000 4500 |
| 001 |
in00000037966 |
| 005 |
20151007080736.0 |
| 008 |
800424s1953 nyuabcj b 00000ceng d |
| 035 |
|
|
|a (OCoLC)06239995
|
| 035 |
|
|
|9 AAF5304AM
|
| 040 |
|
|
|a TXA
|c TXA
|d UtOrBLW
|
| 049 |
|
|
|a TXAM
|c [215545]
|
| 090 |
|
|
|a F128.9.J5
|b P6 1953
|
| 092 |
|
|
|a 296
|b P821p
|
| 100 |
1 |
|
|a Pool, David de Sola,
|d 1885-1970.
|
| 245 |
1 |
0 |
|a Portraits etched in stone ;
|b early Jewish settlers, 1682-1831.
|
| 264 |
|
1 |
|a New York :
|b Columbia University Press,
|c [1953]
|
| 300 |
|
|
|a xiv, 543 pages :
|b illustrations, portraits, maps, genealogical tables. ;
|c 26 cm.
|
| 336 |
|
|
|a text
|b txt
|2 rdacontent
|
| 337 |
|
|
|a unmediated
|b n
|2 rdamedia
|
| 338 |
|
|
|a volume
|b nc
|2 rdacarrier
|
| 504 |
|
|
|a Bibliography: pages [513]-517.
|
| 610 |
1 |
0 |
|a New York (N.Y.).
|b Chatham Square Cemetery.
|
| 610 |
1 |
0 |
|a New York.
|b Congregation Shearith Israel.
|
| 650 |
|
0 |
|a Jews
|z New York (State)
|z New York
|v Biography.
|
| 999 |
|
|
|a MARS
|
| 999 |
f |
f |
|s 20179d9b-b84f-3ac2-857e-4ea59d8bac35
|i 86f8cf0f-fb72-3329-85a2-0df8a9897ca6
|t 0
|
| 952 |
f |
f |
|p ric
|a Texas A&M University
|b Rellis Campus
|c Joint Library Facility
|d Remote Storage
|t 0
|e F128.9.J5 P6 1953
|h Library of Congress classification
|i unmediated -- volume
|m A14800630080
|
| 998 |
f |
f |
|a F128.9.J5 P6 1953
|t 0
|l Remote Storage
|